Kontrolný a certifikačný systém v ekologickom poľnohospodárstve SR
Poľnohospodárske subjekty, ktoré v rámci ekologického poľnohospodárstva produkujú a spracovávajú produkty rastlinného a živočíšneho pôvodu, alebo s nimi obchodujú, podriaďujú svoju činnosť kontrolnému postupu. Na Slovensku od roku 2009 platí Zákon NR SR č. 189/2009 Z.z. o ekologickej poľnohospodársk...
Uložené v:
| Hlavný autor: | |
|---|---|
| Médium: | Kapitola |
| Jazyk: | Slovak |
| Predmet: | |
| Tagy: |
Žiadne tagy, Buďte prvý, kto otaguje tento záznam!
|
MARC
| LEADER | 00000naa$a2200000$$$4500 | ||
|---|---|---|---|
| 001 | 0173677 | ||
| 005 | 20240502072947.6 | ||
| 041 | 0 | |a slo | |
| 044 | |a SK | ||
| 245 | 1 | 0 | |a Kontrolný a certifikačný systém v ekologickom poľnohospodárstve SR |c Júlia Vybíralová |
| 520 | |a Poľnohospodárske subjekty, ktoré v rámci ekologického poľnohospodárstva produkujú a spracovávajú produkty rastlinného a živočíšneho pôvodu, alebo s nimi obchodujú, podriaďujú svoju činnosť kontrolnému postupu. Na Slovensku od roku 2009 platí Zákon NR SR č. 189/2009 Z.z. o ekologickej poľnohospodárskej výrobe. | ||
| 610 | 2 | 0 | |a poľnohospodárstvo |
| 610 | 2 | 0 | |a ekológia |
| 610 | 2 | 0 | |a kontrola |
| 610 | 2 | 0 | |a certifikácia |
| 610 | 2 | 0 | |a systém |
| 610 | 2 | 0 | |a Slovensko |
| 100 | 1 | |a Vybíralová, Júlia | |